Statistics for Top 100 Most Subscribed YouTube Channels

Click here to take the quiz!

General Stats

  • This quiz has been taken 21 times
  • The average score is 11 of 100

Answer Stats

HintAnswer% Correct
2PewDiePie
89%
1T-Series
67%
63MrBeast
56%
9Justin Bieber
44%
8Dude Perfect
39%
54Luis Fonsi
33%
22Taylor Swift
33%
52Shakira
28%
45-Minute Crafts
22%
17Ariana Grande
22%
92Billie Eilish
22%
12Ed Sheeran
22%
74Markiplier
22%
45Maroon 5
22%
29Rihanna
22%
72Smosh
22%
62Bruno Mars
17%
6Canal KondZilla
17%
3Cocomelon
17%
65Daddy Yankee
17%
14HolaSoyGerman
17%
24Katy Perry
17%
13Marshmello
17%
93Ninja
17%
7WWE
17%
11Badabun
11%
32BLACKPINK
11%
31BRIGHT SIDE
11%
95DanTD
11%
26Felipe Neto
11%
84jacksepticeye
11%
21JuegaGerman
11%
35One Direction
11%
5SET India
11%
76Shawn Mendes
11%
25TheEllenShow
11%
49Trap Nation
11%
20whinderssonnunes
11%
10Zee Music Company
11%
19Zee TV
11%
82Aaj Tak
6%
34Alan Walker
6%
44ChuChu
6%
47El Reino Infantil
6%
23elrubiusOMG
6%
15EminemMusic
6%
61EminemVEVO
6%
27Fernanfloo
6%
42Get Movies
6%
38Goldmines Telefilms
6%
55GR6 EXPLODE
6%
36ibighit
6%
87J Balvin
6%
18Kids Diana Show
6%
16Like Nastya Vlog
6%
50LUCCAS NETO LUCCAS TOON
6%
48Luisito Comunica
6%
33Movieclips
6%
56Ozuna
6%
66Pinkfong!
6%
69rezendeevil
6%
68SAB TV
6%
79Selena Gomez
6%
83shane
6%
37Shemaroo Filmi Gaane
6%
43Sony Music India
6%
59SonyMusicIndiaVEVO
6%
53Speed Records
6%
57Spinnin Records
6%
80Tips Official
6%
75T-Series Bhakti Sagar
6%
73VanossGaming
6%
46VEGETTA777
6%
39Vlad and Nikita
6%
40Voce Sabia?
6%
41Wave Music
6%
58WorkpointOfficial
6%
88XXXTENTACION
6%
70YRF
6%
78Yuya
6%
86ABS-CBN Entertainment
0%
81BANGANTV
0%
71Billion Surprise Toys
0%
96CVS 3D Rhymes
0%
98enchufetv
0%
30JustinBieberVEVO
0%
64KatyPerryVEVO
0%
97Little Baby Bum
0%
90Maluma
0%
28News
0%
77NoCopyrightSounds
0%
85OneDirectionVEVO
0%
60RihannaVEVO
0%
91Ryan's World
0%
99Stacy Toys
0%
51TaylorSwiftVEVO
0%
100TEDx Talks
0%
89The Tonight Show Starring Jimmy Fallon
0%
67ToyPudding TV
0%
94WORLDSTARHIPHOP
0%

Score Distribution

Percentile by Number Answered

Percent of People with Each Score

Your Score History

You have not taken this quiz